|
|
|
|
| LEADER |
01870nam a2200433 i 4500 |
| 001 |
EBC1348396 |
| 003 |
MiAaPQ |
| 005 |
20200520144314.0 |
| 006 |
m o d | |
| 007 |
cr cnu|||||||| |
| 008 |
140531t20132013gw ob 001 0 ger d |
| 020 |
|
|
|z 9783486727630
|
| 020 |
|
|
|a 9783486755190
|q (electronic bk.)
|
| 035 |
|
|
|a (MiAaPQ)EBC1348396
|
| 035 |
|
|
|a (Au-PeEL)EBL1348396
|
| 035 |
|
|
|a (CaPaEBR)ebr10874820
|
| 035 |
|
|
|a (CaONFJC)MIL610318
|
| 035 |
|
|
|a (OCoLC)880057177
|
| 040 |
|
|
|a MiAaPQ
|b eng
|e rda
|e pn
|c MiAaPQ
|d MiAaPQ
|
| 050 |
|
4 |
|a HD36
|b .K354 2013
|
| 082 |
0 |
|
|a 658
|2 23
|
| 100 |
1 |
|
|a Kalenberg, Frank,
|e author.
|
| 245 |
1 |
0 |
|a Kostenrechnung :
|b grundlagen und anwendungen -mit ubungen und losungen /
|c von Prof. Dr. rer. pol. Frank Kalenberg ; lektorat, Thomas Ammon.
|
| 250 |
|
|
|a 3., uberarbeitete Auflage.
|
| 264 |
|
1 |
|a Munich, Germany :
|b Oldenbourg Verlag,
|c 2013.
|
| 264 |
|
4 |
|c 2013
|
| 300 |
|
|
|a 1 online resource (398 pages)
|
| 336 |
|
|
|a text
|2 rdacontent
|
| 337 |
|
|
|a computer
|2 rdamedia
|
| 338 |
|
|
|a online resource
|2 rdacarrier
|
| 504 |
|
|
|a Includes bibliographical references and index.
|
| 588 |
|
|
|a Description based on online resource; title from PDF title page (ebrary, viewed May 31, 2014).
|
| 590 |
|
|
|a Electronic reproduction. Ann Arbor, MI : ProQuest, 2015. Available via World Wide Web. Access may be limited to ProQuest affiliated libraries.
|
| 650 |
|
0 |
|a Industrial management.
|
| 655 |
|
4 |
|a Electronic books.
|
| 700 |
1 |
|
|a Ammon, Thomas,
|e corrector.
|
| 776 |
0 |
8 |
|i Print version:
|a Kalenberg, Frank.
|t Kostenrechnung : grundlagen und anwendungen -mit ubungen und losungen.
|b 3., uberarbeitete Auflage.
|d Munich, Germany : Oldenbourg Verlag, c2013
|h xiii, 384 pages
|z 9783486727630
|
| 797 |
2 |
|
|a ProQuest (Firm)
|
| 856 |
4 |
0 |
|u https://ebookcentral.proquest.com/lib/matrademy/detail.action?docID=1348396
|z Click to View
|